Nueve días con el siervo de Dios Mario Hiriart

Gorde:
Xehetasun bibliografikoak
Egile nagusia: Alliende Luco, Joaquín (Egilea)
Formatua: Liburua
Hizkuntza:gaztelania
Argitaratua: Santiago Fundación Mario Hiriart 2015
Edizioa:1a. ed
Gaiak:
Etiketak: Etiketa erantsi
Etiketarik gabe, Izan zaitez lehena erregistro honi etiketa jartzen!

MARC

LEADER 00000cam a2200000 a 4500
001 UCC0081
003 CL-VaPUC
008 170721e20150000cl |||||||||||||||||spa|d
020 |a 9567720029 
082 0 4 |a 268.6  |b ALL  |2 21 
100 0 |a Alliende Luco, Joaquín  |e author  |9 593999 
245 1 0 |a Nueve días con el siervo de Dios Mario Hiriart 
250 |a 1a. ed 
300 |a 42 p 
942 |c BK 
945 |d 20170721 23:47:00  |a dcastane 
260 |a Santiago  |b Fundación Mario Hiriart  |c 2015 
650 0 |a Catecismo  |9 333878 
650 7 |a RELIGIOSIDAD  |2 CL-VaPUC  |9 394694 
650 0 |a Vida religiosa  |9 257284 
583 |a last modification  |c 20170721 23:47:00  |k Rodrigo Vera 
999 |c 369031  |d 369029 
952 |0 0  |1 0  |3 erb  |4 0  |6 268_600000000000000_ALL_2015  |7 0  |8 X  |9 484556  |a FDOBUD  |b FDOBUD  |i 5407354  |o 268.6 ALL 2015  |p 5407354  |r 2019-11-24  |w 2019-11-24  |y BK_X  |z Catalogado en:20170721  |k BUD